[Event "XI Festival A"]
[Site "Porto San Giorgio ITA"]
[Date "1999.08.25"]
[Round "6"]
[White "Sermek, Drazen"]
[Black "Lezcano Jaen, Pedro"]
[Result "1/2-1/2"]
[WhiteElo "2545"]
[BlackElo "2399"]
[PlyCount "75"]
[EventDate "1999.08.20"]

1.e4 Nf6 2.e5 Nd5 3.d4 d6 4.c4 Nb6 5.exd6 cxd6 6.Nc3 g6 7.Be3 Bg7 8.Rc1 
O-O 9.b3 e5 10.dxe5 dxe5 11.Qxd8 Rxd8 12.c5 N6d7 13.Bc4 Nc6 14.Nf3 Na5 15.
Bg5 Rf8 16.Be2 Nc6 17.Be3 h6 18.g4 b6 19.Nd5 bxc5 20.Bxc5 Nxc5 21.Rxc5 Nd4
22.Nxd4 exd4 23.Ne7+ Kh7 24.Rxc8 Raxc8 25.Nxc8 Rxc8 26.Bc4 Bf8 27.Ke2 Kg7 
28.Kd3 Bb4 29.Kxd4 Bc5+ 30.Kc3 Rc7 31.f3 Re7 32.Bd5 a5 33.Rc1 Ba3 34.Rc2 
Rc7+ 35.Bc4 Rd7 36.Rg2 Kf6 37.h4 Ke5 38.h5 1/2-1/2

[Event "XI Festival A"]
[Site "Porto San Giorgio ITA"]
[Date "1999.08.25"]
[Round "6"]
[White "Timoscenko, Gennadij A."]
[Black "Grigore, George-Gabriel"]
[Result "1/2-1/2"]
[WhiteElo "2536"]
[BlackElo "2526"]
[PlyCount "60"]
[EventDate "1999.08.20"]

1.d4 Nf6 2.c4 g6 3.Nc3 Bg7 4.e4 d6 5.Nf3 O-O 6.Be2 e5 7.Be3 exd4 8.Nxd4 
Re8 9.f3 c6 10.Qd2 d5 11.exd5 cxd5 12.O-O dxc4 13.Bxc4 a6 14.Rad1 b5 15.
Bb3 Ra7 16.Qf2 Rd7 17.Nde2 Bb7 18.Ng3 Nc6 19.Nge4 Nxe4 20.Nxe4 Ne5 21.Bg5 
Qc7 22.Rxd7 Nxd7 23.Rc1 Qe5 24.Rd1 Bxe4 25.Rxd7 Bc6 26.Bxf7+ Kf8 27.Bxe8 
Bxd7 28.Bxd7 Qxg5 29.Qe1 Bxb2 30.g3 Qc1 1/2-1/2

[Event "XI Festival A"]
[Site "Porto San Giorgio ITA"]
[Date "1999.08.25"]
[Round "6"]
[White "Voltolini, Giuseppe"]
[Black "Villa, Flavio"]
[Result "1-0"]
[WhiteElo "2260"]
[BlackElo "2000"]
[PlyCount "37"]
[EventDate "1999.08.20"]

1.d4 d5 2.c4 c6 3.Nc3 e6 4.e3 Nf6 5.Nf3 Nbd7 6.Qc2 Bd6 7.Be2 O-O 8.O-O 
dxc4 9.Bxc4 e5 10.h3 Qe7 11.Bb3 h6 12.Nh4 Re8 13.Nf5 Qf8 14.Bd2 Nb6 15.
Nxd6 Qxd6 16.dxe5 Qxe5 17.e4 Nxe4 18.Nxe4 Qxe4 19.Rae1 1-0

[Event "XI Festival A"]
[Site "Porto San Giorgio ITA"]
[Date "1999.08.25"]
[Round "6"]
[White "Zlochevskij, Alexander"]
[Black "Rago, Riccardo"]
[Result "1-0"]
[WhiteElo "2454"]
[BlackElo "2175"]
[PlyCount "63"]
[EventDate "1999.08.20"]

1.d4 d5 2.Bg5 c6 3.e3 Nd7 4.Nf3 Ngf6 5.Nbd2 e6 6.Bd3 Bd6 7.e4 dxe4 8.Nxe4 
Be7 9.Qd2 Nxe4 10.Bxe4 Bxg5 11.Nxg5 Nf6 12.Bf3 h6 13.Ne4 Nxe4 14.Bxe4 Bd7 
15.O-O-O Qc7 16.g3 O-O-O 17.Qc3 Kb8 18.Bg2 Bc8 19.d5 cxd5 20.Qxg7 f5 21.
Qf6 Rdf8 22.Qd4 Rh7 23.Rhe1 Qa5 24.Re3 a6 25.Ra3 Qb5 26.Bf1 Qe8 27.Qb6 Ka8
28.c4 dxc4 29.Bg2 Qe7 30.Rxa6+ Kb8 31.Qa7+ Kc7 32.Rc6# 1-0

[Event "XI Festival A"]
[Site "Porto San Giorgio ITA"]
[Date "1999.08.26"]
[Round "7"]
[White "Barlocco, Carlo"]
[Black "Voltolini, Giuseppe"]
[Result "1/2-1/2"]
[WhiteElo "2161"]
[BlackElo "2260"]
[PlyCount "96"]
[EventDate "1999.08.20"]

1.d4 d5 2.c4 dxc4 3.e3 Nf6 4.Nf3 e6 5.Bxc4 c5 6.O-O a6 7.e4 cxd4 8.e5 Nd5 
9.Qxd4 Nc6 10.Qg4 Qc7 11.Re1 Ncb4 12.Na3 b5 13.Bb3 Bb7 14.Rd1 g6 15.Bd2 
Nd3 16.Bc3 N3f4 17.Bxd5 Nxd5 18.Rac1 Qd8 19.Nc2 Be7 20.Bb4 O-O 21.Bxe7 
Qxe7 22.Ncd4 Rac8 23.Ng5 Kg7 24.Qh4 h6 25.Ngxe6+ fxe6 26.Qxe7+ Nxe7 27.
Nxe6+ Kf7 28.Nxf8 Rxf8 29.Rd7 Bc8 30.Rd6 Re8 31.Rc7 h5 32.f4 h4 33.Kf2 Rg8
34.Kf3 Ke8 35.g4 hxg3 36.hxg3 Rh8 37.g4 Rh3+ 38.Ke4 Bxg4 39.e6 Bf3+ 40.Kd3
Nf5 41.Rb6 Kd8 42.Rf7 Bd5+ 43.Kd2 Kc8 44.Rxa6 b4 45.Rb6 Rh2+ 46.Kc1 Rh1+ 
47.Kd2 Rh2+ 48.Kc1 Rh1+ 1/2-1/2

[Event "XI Festival A"]
[Site "Porto San Giorgio ITA"]
[Date "1999.08.26"]
[Round "7"]
[White "Braghetta, Sergio"]
[Black "Mola, Pietro"]
[Result "1-0"]
[WhiteElo "2270"]
[BlackElo "2203"]
[PlyCount "63"]
[EventDate "1999.08.20"]

1.d4 Nf6 2.Nf3 e6 3.Bg5 c5 4.e3 Qb6 5.Qc1 Nc6 6.c3 Be7 7.Nbd2 d5 8.Bd3 Bd7
9.O-O O-O 10.Ne5 Qd8 11.f4 Ne8 12.Bxe7 Qxe7 13.Qd1 Nxe5 14.fxe5 f5 15.Qh5 
Nc7 16.Rf2 b5 17.Kh1 c4 18.Bc2 b4 19.cxb4 Qxb4 20.Rg1 Qxb2 21.Nf3 Qa3 22.
g4 Qe7 23.gxf5 exf5 24.Rfg2 Ne8 25.Nh4 Qf7 26.Qh6 Kh8 27.Qf4 Qh5 28.Bd1 
Qh6 29.Rg5 g6 30.Nxg6+ hxg6 31.Rh5 Qxh5 32.Bxh5 1-0

[Event "XI Festival A"]
[Site "Porto San Giorgio ITA"]
[Date "1999.08.26"]
[Round "7"]
[White "Davies, Nigel R."]
[Black "Timoscenko, Gennadij A."]
[Result "0-1"]
[WhiteElo "2518"]
[BlackElo "2536"]
[PlyCount "78"]
[EventDate "1999.08.20"]

1.Nf3 d5 2.c4 e6 3.g3 Nf6 4.Bg2 dxc4 5.O-O Nbd7 6.Na3 Bxa3 7.bxa3 O-O 8.
Qc2 c5 9.Qxc4 b6 10.d3 Bb7 11.e4 Qe7 12.Bb2 Rfd8 13.Rad1 Rac8 14.Rfe1 Ne8 
15.Nh4 Nb8 16.f4 Nc6 17.Nf3 Rc7 18.Bh3 Qf8 19.Qc2 Ba6 20.f5 exf5 21.Bxf5 
Nd6 22.Bxh7+ Kxh7 23.e5 Kg8 24.exd6 Qxd6 25.Qa4 Bb7 26.Qg4 Nd4 27.Bxd4 
cxd4 28.Rd2 Re7 29.Rf1 Qd5 30.h4 Re3 31.Rdf2 Rxd3 32.Kh2 Rxa3 33.h5 Rd6 
34.Nh4 Rxa2 35.Rxa2 Qxa2+ 36.Kh3 Rh6 37.Re1 Qd5 38.Re8+ Kh7 39.Qf4 Rxh5 
0-1

[Event "XI Festival A"]
[Site "Porto San Giorgio ITA"]
[Date "1999.08.26"]
[Round "7"]
[White "Dragojlovic, Andjelko"]
[Black "Efimov, Igor"]
[Result "1/2-1/2"]
[WhiteElo "2350"]
[BlackElo "2445"]
[PlyCount "110"]
[EventDate "1999.08.20"]

1.e4 c5 2.Nf3 e6 3.b3 Nf6 4.e5 Nd5 5.Bb2 Be7 6.g3 O-O 7.Bg2 f6 8.O-O fxe5 
9.Nxe5 d6 10.Nf3 e5 11.d4 cxd4 12.Nxd4 Nc7 13.Ne2 Nc6 14.c4 Bg4 15.Nd2 Qe8
16.h3 Bf5 17.g4 Bg6 18.f4 Rd8 19.f5 Bf7 20.Nc3 d5 21.cxd5 Nxd5 22.Nxd5 
Bxd5 23.Bxd5+ Rxd5 24.Qe2 Bc5+ 25.Kg2 Nb4 26.Ne4 Qc6 27.Rad1 Rfd8 28.Rxd5 
Rxd5 29.Rf3 Bd4 30.Bc3 a5 31.f6 Rd7 32.Bxb4 axb4 33.Kg3 h6 34.fxg7 Kxg7 
35.Kh4 Bb6 36.Rd3 Rd4 37.Rxd4 exd4 38.Kg3 Qd5 39.Qd3 Bc7+ 40.Kf3 Qe5 41.
Ke2 Bd8 42.Kd1 Bg5 43.Ng3 Be3 44.Nf5+ Kf6 45.h4 h5 46.g5+ Ke6 47.Nxe3 dxe3
48.Qc4+ Kf5 49.Ke2 Qh2+ 50.Kxe3 Qg3+ 51.Kd2 Qf2+ 52.Kd1 Qg1+ 53.Kc2 Qf2+ 
54.Kb1 Qe1+ 55.Kc2 Qf2+ 1/2-1/2

[Event "XI Festival A"]
[Site "Porto San Giorgio ITA"]
[Date "1999.08.26"]
[Round "7"]
[White "Fabiano, Giuseppe"]
[Black "Cioara, Andrei Nestor"]
[Result "0-1"]
[WhiteElo "2293"]
[BlackElo "2423"]
[PlyCount "54"]
[EventDate "1999.08.20"]

1.Nf3 Nf6 2.g3 e6 3.Bg2 d5 4.O-O Be7 5.c4 O-O 6.cxd5 exd5 7.d4 c6 8.Nc3 
Bg4 9.Ne5 Bf5 10.Bf4 Nbd7 11.Rc1 Re8 12.a3 a5 13.h3 Nxe5 14.Bxe5 Bd6 15.f4
Qe7 16.e3 h5 17.Kh2 Qe6 18.Na4 g6 19.Qb3 Re7 20.Nc5 Bxc5 21.dxc5 Be4 22.
Qc3 Bxg2 23.Bxf6 Qxh3+ 24.Kg1 Bxf1 25.Rxf1 Qxg3+ 26.Kh1 Rxe3 27.Qc1 Re2 
0-1

[Event "XI Festival A"]
[Site "Porto San Giorgio ITA"]
[Date "1999.08.26"]
[Round "7"]
[White "Foisor, Cristina-Adela"]
[Black "Sermek, Drazen"]
[Result "0-1"]
[WhiteElo "2371"]
[BlackElo "2545"]
[PlyCount "146"]
[EventDate "1999.08.20"]

1.Nf3 c5 2.g3 g6 3.Bg2 Bg7 4.O-O Nc6 5.d3 d5 6.c3 e6 7.a3 Nge7 8.b4 cxb4 
9.axb4 b5 10.Qb3 e5 11.Na3 Rb8 12.Nc2 d4 13.Ng5 O-O 14.c4 h6 15.Ne4 bxc4 
16.dxc4 Nxb4 17.Nxb4 a5 18.Bd2 axb4 19.Ra4 Nc6 20.Bxb4 Bg4 21.Re1 Nxb4 22.
Rxb4 Qa5 23.Rb1 Rxb4 24.Qxb4 Qxb4 25.Rxb4 Bxe2 26.Nd2 f5 27.Bd5+ Kh8 28.
Rb6 e4 29.Rxg6 Bf6 30.g4 Bg5 31.Nb3 d3 32.gxf5 e3 33.fxe3 Bxe3+ 34.Kg2 
Rxf5 35.h4 d2 36.Nxd2 Bxd2 37.Rg8+ Kh7 38.Rd8 Bf1+ 39.Kg3 Kg7 40.Rg8+ Kf6 
41.Rf8+ Ke5 42.Rxf5+ Kxf5 43.Kf2 Bd3 44.Kf3 Bc2 45.Ke2 Bb4 46.h5 Kf4 47.
Bf7 Bc5 48.Bg6 Ba4 49.Kd3 Bd1 50.Kd2 Bf3 51.Bf7 Kg5 52.Ke1 Be3 53.Kf1 Kf4 
54.Ke1 Bg4 55.Kf1 Kg3 56.Ke1 Kg2 57.Bd5+ Kg1 58.Bf7 Bc5 59.Kd2 Kf2 60.Kd3 
Bf5+ 61.Kc3 Ke3 62.Kb3 Kd4 63.Ka4 Bd7+ 64.Kb3 Kd3 65.Bg6+ Ke3 66.Bf7 Kd2 
67.Kb2 Ba4 68.Bg6 Bb4 69.Bf7 Kd3 70.Bg8 Be8 71.Kb3 Bf8 72.Bh7+ Kd4 73.Bg6 
Bxg6 0-1

[Event "XI Festival A"]
[Site "Porto San Giorgio ITA"]
[Date "1999.08.26"]
[Round "7"]
[White "Foisor, Ovidiu-Doru"]
[Black "Neiman, Emmanuel"]
[Result "1-0"]
[WhiteElo "2472"]
[BlackElo "2353"]
[PlyCount "77"]
[EventDate "1999.08.20"]

1.Nf3 d6 2.d4 Bg4 3.c4 Bxf3 4.exf3 c6 5.Nc3 Nf6 6.d5 g6 7.Be2 Bg7 8.O-O 
O-O 9.f4 Na6 10.Bf3 cxd5 11.Nxd5 Nxd5 12.Qxd5 Nc5 13.Rb1 e6 14.Qd1 a5 15.
Be3 Qc7 16.Qc2 Rac8 17.b3 b6 18.Rfd1 Rfd8 19.g3 Na6 20.Qe2 Nb4 21.a3 Nc6 
22.b4 axb4 23.Bxc6 Qxc6 24.Rxb4 Ra8 25.Rxb6 Qc7 26.Rb5 Ra6 27.a4 d5 28.
cxd5 exd5 29.Rc5 Qb7 30.Qb5 Qa8 31.Rcxd5 Rc8 32.Bb6 Bf6 33.a5 Kg7 34.Rd7 
Rf8 35.Bc5 Re8 36.Bb6 Qc8 37.Qd5 Rf8 38.Bc5 Rxa5 39.Bxf8+ 1-0

[Event "XI Festival A"]
[Site "Porto San Giorgio ITA"]
[Date "1999.08.26"]
[Round "7"]
[White "Grigore, George-Gabriel"]
[Black "Glek, Igor V."]
[Result "0-1"]
[WhiteElo "2526"]
[BlackElo "2536"]
[PlyCount "100"]
[EventDate "1999.08.20"]

1.d4 Nf6 2.c4 g6 3.Nc3 Bg7 4.e4 d6 5.Be2 O-O 6.Nf3 Na6 7.O-O e5 8.Re1 c6 
9.Bf1 Bg4 10.d5 Nb4 11.Be2 a5 12.Bg5 Na6 13.a3 Bd7 14.Nd2 h6 15.Be3 h5 16.
h3 Nh7 17.Rb1 c5 18.Bf1 f5 19.exf5 gxf5 20.f4 h4 21.Nb5 Qf6 22.Nb3 b6 23.
Na1 Rfe8 24.Qd2 Qg6 25.Nc2 Bf8 26.b4 axb4 27.axb4 Nf6 28.Nc3 cxb4 29.Nxb4 
Nc5 30.Nd3 Nfe4 31.Nxe4 Nxd3 32.Nf6+ Qxf6 33.Qxd3 exf4 34.Bxf4 Bg7 35.Kh1 
Re4 36.Qd2 Rae8 37.Red1 Ba4 38.Rdc1 Qg6 39.Bd3 Rd4 40.Be3 Rxd3 41.Qxd3 Qg3
42.Qa3 Be5 43.Kg1 Bf4 44.Qxa4 Rxe3 45.Ra1 Qh2+ 46.Kf1 Qh1+ 47.Kf2 Re2+ 48.
Kxe2 Qxg2+ 49.Ke1 Qd2+ 50.Kf1 Qd3+ 0-1

[Event "XI Festival A"]
[Site "Porto San Giorgio ITA"]
[Date "1999.08.26"]
[Round "7"]
[White "Iordachescu, Viorel"]
[Black "Zlochevskij, Alexander"]
[Result "1-0"]
[WhiteElo "2553"]
[BlackElo "2454"]
[PlyCount "81"]
[EventDate "1999.08.20"]

1.e4 c6 2.d4 d5 3.e5 Bf5 4.Nf3 e6 5.Be2 c5 6.Be3 Ne7 7.dxc5 Nd7 8.Nc3 Nc6 
9.Nb5 Nxc5 10.Nfd4 Bg6 11.O-O Be7 12.c4 O-O 13.cxd5 exd5 14.Nxc6 bxc6 15.
Nd4 Qd7 16.Rc1 Rfb8 17.b3 Qe8 18.Rc3 Bf8 19.f4 f6 20.f5 fxe5 21.fxg6 Ne4 
22.Rxc6 exd4 23.Rxf8+ Qxf8 24.Qxd4 Rd8 25.gxh7+ Kh8 26.Bg4 a5 27.h4 Qb4 
28.Qxb4 axb4 29.Bd4 Rd6 30.Rc7 Nf6 31.Bf5 Rf8 32.Bc5 Rdd8 33.Bxf8 Rxf8 34.
Rb7 d4 35.g4 Nxh7 36.Rxb4 Rd8 37.Bxh7 Kxh7 38.Kf1 d3 39.Ke1 Re8+ 40.Kd1 
Re2 41.a4 1-0

[Event "XI Festival A"]
[Site "Porto San Giorgio ITA"]
[Date "1999.08.26"]
[Round "7"]
[White "Lputian, Smbat G."]
[Black "Lazarev, Vladimir"]
[Result "1-0"]
[WhiteElo "2625"]
[BlackElo "2501"]
[PlyCount "85"]
[EventDate "1999.08.20"]

1.d4 d5 2.c4 dxc4 3.Nf3 Nf6 4.e3 e6 5.Bxc4 c5 6.Qe2 a6 7.dxc5 Bxc5 8.e4 
Nc6 9.e5 Ng4 10.O-O Nd4 11.Nxd4 Qxd4 12.Nd2 Nxe5 13.Nb3 Qxc4 14.Qxe5 Bf8 
15.Rd1 Qb5 16.Qg3 e5 17.a4 Qe2 18.Be3 f6 19.h3 Qc4 20.Nc5 Qf7 21.Qf3 Be7 
22.Nxb7 Bxb7 23.Qxb7 O-O 24.Rd7 Rfb8 25.Qc7 Rc8 26.Qb7 Rcb8 27.Qc6 Rc8 28.
Rc7 Rxc7 29.Qxa8+ Bf8 30.Qxa6 f5 31.a5 f4 32.Bb6 Rc6 33.Qb5 Qe6 34.Rd1 e4 
35.Qd5 Bb4 36.Qxe6+ Rxe6 37.a6 Rxb6 38.a7 Ra6 39.Rd8+ Kf7 40.a8=Q Rxa8 41.
Rxa8 e3 42.fxe3 fxe3 43.Kf1 1-0

[Event "XI Festival A"]
[Site "Porto San Giorgio ITA"]
[Date "1999.08.26"]
[Round "7"]
[White "Marzano, Carlo"]
[Black "Badea, Bela"]
[Result "1/2-1/2"]
[WhiteElo "2233"]
[BlackElo "2479"]
[PlyCount "60"]
[EventDate "1999.08.20"]

1.d4 g6 2.e4 Bg7 3.c4 d6 4.Nc3 Nd7 5.Nf3 e5 6.d5 Nh6 7.h4 f6 8.h5 Nf7 9.g3
Nb6 10.Be3 Bg4 11.hxg6 hxg6 12.Rxh8+ Nxh8 13.Be2 Bd7 14.a4 Nc8 15.a5 Nf7 
16.Qd2 Ne7 17.b4 b6 18.Qa2 Rb8 19.c5 Kf8 20.cxb6 cxb6 21.axb6 axb6 22.Qa7 
f5 23.Ra6 Qc8 24.Kd2 fxe4 25.Ng5 Nxg5 26.Bxg5 e3+ 27.fxe3 Rb7 28.Qa8 Rb8 
29.Qa7 Rb7 30.Qa8 Rb8 1/2-1/2

[Event "XI Festival A"]
[Site "Porto San Giorgio ITA"]
[Date "1999.08.26"]
[Round "7"]
[White "Monteleone, Antonio"]
[Black "Fulvi, Fulvio"]
[Result "1-0"]
[WhiteElo "2195"]
[BlackElo "2115"]
[PlyCount "55"]
[EventDate "1999.08.20"]

1.d4 Nf6 2.c4 g6 3.Nc3 Bg7 4.e4 d6 5.Nf3 O-O 6.Be2 e5 7.O-O Nc6 8.d5 Ne7 
9.Nd2 Nd7 10.Rb1 a5 11.a3 f5 12.b4 axb4 13.axb4 b6 14.f3 f4 15.Bb2 g5 16.
Qc2 Ng6 17.Ra1 Rxa1 18.Rxa1 Nf6 19.Ra7 g4 20.Nb5 gxf3 21.Bxf3 Rf7 22.c5 
bxc5 23.bxc5 Bf8 24.Ra8 c6 25.dxc6 dxc5 26.Nc4 Qe8 27.Ncd6 Bxd6 28.Nxd6 
1-0

[Event "XI Festival A"]
[Site "Porto San Giorgio ITA"]
[Date "1999.08.26"]
[Round "7"]
[White "Moroder, Thomas"]
[Black "Cacco, Christian"]
[Result "1-0"]
[WhiteElo "2165"]
[BlackElo "2292"]
[PlyCount "101"]
[EventDate "1999.08.20"]

1.e4 c5 2.Ne2 Nc6 3.Nbc3 Nf6 4.g3 g6 5.Bg2 Bg7 6.O-O d6 7.d3 Bd7 8.h3 O-O 
9.f4 Rb8 10.Be3 b5 11.Qd2 Qb6 12.g4 Nd4 13.f5 Bc6 14.Ng3 Nd7 15.Nd1 b4 16.
g5 Be5 17.Nh1 Qb7 18.c3 bxc3 19.bxc3 Nb5 20.f6 exf6 21.d4 Bxe4 22.dxe5 
Nxe5 23.Ng3 Bxg2 24.Qxg2 fxg5 25.Bxg5 Qxg2+ 26.Kxg2 Nc4 27.Ne4 Rbc8 28.Be7
f5 29.Nf6+ Kf7 30.Bxf8 Kxf6 31.Bh6 Nba3 32.h4 Re8 33.Rc1 Re4 34.Rf4 Re1 
35.Rf3 d5 36.Rf2 Re4 37.Bg5+ Kf7 38.Nb2 Ne5 39.Rcf1 h6 40.Bc1 Nb5 41.h5 
Ng4 42.hxg6+ Kxg6 43.Rxf5 Nxc3 44.R5f3 Nxa2 45.Nd3 Nxc1 46.Rxc1 Ne3+ 47.
Kh3 c4 48.Rg1+ Kh7 49.Rf7+ Kh8 50.Nf4 c3 51.Nh5 1-0

[Event "XI Festival A"]
[Site "Porto San Giorgio ITA"]
[Date "1999.08.26"]
[Round "7"]
[White "Piva, Giorgio"]
[Black "Iotti, Pierluigi"]
[Result "0-1"]
[WhiteElo "2115"]
[BlackElo "2326"]
[PlyCount "70"]
[EventDate "1999.08.20"]

1.d4 Nf6 2.Bg5 e6 3.Nd2 c5 4.e3 cxd4 5.exd4 Be7 6.Bd3 b6 7.Ngf3 Bb7 8.O-O 
O-O 9.c3 d6 10.Re1 Nbd7 11.Nf1 Re8 12.Qe2 Qc8 13.Ng3 a6 14.a4 Bc6 15.c4 a5
16.b3 Qb7 17.Rad1 Rad8 18.Bc2 h6 19.Bc1 Bxf3 20.gxf3 d5 21.f4 Rc8 22.Bd3 
Qc6 23.Qa2 Bb4 24.Re2 Qc7 25.Be3 Bd6 26.Qd2 Red8 27.Qc1 dxc4 28.bxc4 Nb8 
29.f5 e5 30.d5 Nbd7 31.Rc2 Bc5 32.Ne4 Nxe4 33.Bxe4 Nf6 34.Bf3 Qd7 35.Bxc5 
Rxc5 0-1

[Event "XI Festival A"]
[Site "Porto San Giorgio ITA"]
[Date "1999.08.26"]
[Round "7"]
[White "Razuvaev, Yuri S."]
[Black "Sedina, Elena"]
[Result "1-0"]
[WhiteElo "2559"]
[BlackElo "2398"]
[PlyCount "131"]
[EventDate "1999.08.20"]

1.c4 Nf6 2.Nc3 e5 3.Nf3 Nc6 4.g3 Bb4 5.Bg2 Bxc3 6.bxc3 O-O 7.O-O Re8 8.d3 
e4 9.Nd4 Ne5 10.dxe4 Nxc4 11.Qb3 Nb6 12.f3 d6 13.c4 Nfd7 14.Ba3 Nc5 15.Qc2
Qe7 16.g4 Bd7 17.Nf5 Bxf5 18.gxf5 f6 19.Rf2 Nbd7 20.Bf1 a6 21.e3 Ne5 22.
Bb2 Qd7 23.a4 a5 24.Be2 Nc6 25.Rg2 Rf8 26.Kh1 Rae8 27.Bd4 Qe7 28.Rag1 Rf7 
29.Bd1 Ne5 30.Qf2 b6 31.Qh4 Ned7 32.Rg3 Rb8 33.Bc2 Re8 34.Bc3 Rb8 35.Rh3 
Nf8 36.Qh6 Ncd7 37.Qh4 Nc5 38.Bd4 Rb7 39.Rg2 Rb8 40.Rhg3 Nfd7 41.Rh3 Nf8 
42.Rg1 Rb7 43.Qg4 Rb8 44.Rh5 Ncd7 45.Rg3 Ne5 46.Qh4 Rb7 47.Rh3 h6 48.Rg3 
Kh8 49.Bb3 Nh7 50.Qh3 Nd3 51.Qg2 Rb8 52.Rh4 Ng5 53.Rxg5 fxg5 54.Rxh6+ Kg8 
55.Rh5 c5 56.Bc3 g4 57.Bc2 Ne5 58.f4 Nd7 59.Rg5 Nf6 60.Rg6 Qb7 61.e5 dxe5 
62.fxe5 Qxg2+ 63.Kxg2 Ne8 64.Kg3 Rd7 65.Kxg4 Kf8 66.h4 1-0

[Event "XI Festival A"]
[Site "Porto San Giorgio ITA"]
[Date "1999.08.26"]
[Round "7"]
[White "Ruggeri, Pietro"]
[Black "Santoro, Alessandro"]
[Result "1-0"]
[WhiteElo "2126"]
[BlackElo "2056"]
[PlyCount "47"]
[EventDate "1999.08.20"]

1.e4 c5 2.Nf3 d6 3.b4 b6 4.bxc5 bxc5 5.Nc3 Nf6 6.Rb1 g6 7.Bb5+ Bd7 8.Qe2 
a6 9.Bc4 Bg7 10.e5 dxe5 11.Nxe5 O-O 12.O-O Nc6 13.Nxc6 Bxc6 14.Bxa6 Qd4 
15.Bb7 Bxb7 16.Rxb7 e6 17.Bb2 Rfb8 18.Rb3 c4 19.Rxb8+ Rxb8 20.Rb1 Nd5 21.
Nd1 c3 22.Bxc3 Rxb1 23.Bxd4 Bxd4 24.g3 1-0

[Event "XI Festival A"]
[Site "Porto San Giorgio ITA"]
[Date "1999.08.26"]
[Round "7"]
[White "Sebastianelli, Dario"]
[Black "Bellomo, Francesco"]
[Result "1-0"]
[WhiteElo "2174"]
[BlackElo "2335"]
[PlyCount "76"]
[EventDate "1999.08.20"]

1.e4 c5 2.d4 g6 3.Nf3 Bg7 4.Bc4 Qc7 5.c3 cxd4 6.Qb3 e6 7.Na3 a6 8.cxd4 Nc6
9.Qd3 Nge7 10.Bb3 d5 11.e5 Bd7 12.Bg5 Nf5 13.O-O Qb6 14.Rfd1 h6 15.Bf4 g5 
16.Be3 g4 17.Ne1 O-O-O 18.Ba4 Kb8 19.Bxc6 Bxc6 20.Nac2 Bb5 21.Qd2 Rc8 22.
a4 Bd7 23.Nd3 Rc7 24.Nc5 Rhc8 25.b4 Qa7 26.b5 axb5 27.axb5 Qb6 28.Ra5 Nxe3
29.Rda1 Rxc5 30.dxc5 Rxc5 31.Qxe3 Rxb5 32.Rxb5 Qxb5 33.Nd4 Qc4 34.Rc1 Qa6 
35.g3 Bb5 36.Qf4 Bc4 37.Re1 Qa5 38.Rb1 Qa2 1-0

[Event "XI Festival A"]
[Site "Porto San Giorgio ITA"]
[Date "1999.08.26"]
[Round "7"]
[White "Tocchioni, Doriano"]
[Black "Citti, Gianluca"]
[Result "1-0"]
[WhiteElo "2240"]
[BlackElo "2123"]
[PlyCount "55"]
[EventDate "1999.08.20"]

1.d4 Nf6 2.c4 c5 3.d5 b5 4.cxb5 a6 5.b6 Qxb6 6.Nc3 d6 7.e4 g6 8.a4 Bg7 9.
a5 Qb7 10.Bc4 O-O 11.Nge2 e5 12.dxe6 fxe6 13.Qxd6 Nxe4 14.Bxe6+ Kh8 15.
Nxe4 Qxe4 16.Bd5 Qb4+ 17.Bd2 Qxb2 18.Qxf8+ Bxf8 19.Bc3+ Qxc3+ 20.Nxc3 Ra7 
21.O-O Bg7 22.Rab1 Nc6 23.Bxc6 Bxc3 24.Rb8 Rc7 25.Bb7 Rxb7 26.Rxc8+ Kg7 
27.Rxc5 Bb4 28.Rd5 1-0

[Event "XI Festival A"]
[Site "Porto San Giorgio ITA"]
[Date "1999.08.26"]
[Round "7"]
[White "Ventura, Sergio"]
[Black "Tomescu, Vlad"]
[Result "0-1"]
[WhiteElo "2209"]
[BlackElo "2453"]
[PlyCount "64"]
[EventDate "1999.08.20"]

1.f4 c5 2.Nf3 Nc6 3.b3 Nf6 4.Bb2 e6 5.e3 Be7 6.Bb5 Qb6 7.a4 a6 8.Bxc6 Qxc6
9.a5 b5 10.axb6 Qxb6 11.Qe2 O-O 12.O-O a5 13.d3 Bb7 14.Nbd2 d5 15.Rfb1 Bc6
16.h3 Nd7 17.g4 Qc7 18.g5 a4 19.Ne5 Nxe5 20.Bxe5 Qd7 21.bxa4 Bxa4 22.Nf3 
d4 23.exd4 f6 24.gxf6 gxf6 25.Kh2 fxe5 26.Nxe5 Qxd4 27.Qg2+ Kh8 28.Nf7+ 
Rxf7 29.Qxa8+ Rf8 30.Qxa4 Qf2+ 31.Kh1 Qg3 32.Qc6 Rg8 0-1

[Event "XI Festival A"]
[Site "Porto San Giorgio ITA"]
[Date "1999.08.27"]
[Round "8"]
[White "Badea, Bela"]
[Black "Tocchioni, Doriano"]
[Result "1-0"]
[WhiteElo "2479"]
[BlackElo "2240"]
[PlyCount "70"]
[EventDate "1999.08.20"]

1.Nf3 Nf6 2.g3 g6 3.b3 Bg7 4.Bb2 O-O 5.Bg2 a5 6.c4 Na6 7.O-O b6 8.Ne1 Rb8 
9.e4 Bb7 10.f3 d6 11.d4 e5 12.d5 Nc5 13.Nc3 Nh5 14.a3 Bc8 15.b4 Nd7 16.Nd3
f5 17.Nb5 Ndf6 18.Nf2 Rf7 19.bxa5 bxa5 20.Bc3 Bh6 21.Re1 f4 22.g4 Ng3 23.
Bd2 Qf8 24.hxg3 fxg3 25.Nh3 Bf4 26.Nxf4 exf4 27.Bxf4 Nh5 28.Bg5 Nf4 29.Re3
h5 30.Qe1 hxg4 31.Bxf4 Rxf4 32.Qxg3 Qh6 33.Rae1 Bd7 34.Nd4 Rb2 35.Ne2 gxf3
1-0

[Event "XI Festival A"]
[Site "Porto San Giorgio ITA"]
[Date "1999.08.27"]
[Round "8"]
[White "Chatalbashev, Boris"]
[Black "Lezcano Jaen, Pedro"]
[Result "1/2-1/2"]
[WhiteElo "2524"]
[BlackElo "2399"]
[PlyCount "78"]
[EventDate "1999.08.20"]

1.d4 Nf6 2.c4 e6 3.Nf3 c5 4.d5 b5 5.dxe6 fxe6 6.cxb5 d5 7.Nc3 Be7 8.Bg5 
O-O 9.e3 Bb7 10.Be2 Nbd7 11.O-O Ng4 12.Bxe7 Qxe7 13.h3 Ngf6 14.Qc2 e5 15.
Nd2 e4 16.Nb3 Rac8 17.Rad1 Ba8 18.Na5 Ne5 19.Qa4 Kh8 20.Rd2 Qf7 21.Nc6 
Nxc6 22.bxc6 Rxc6 23.f3 exf3 24.Bxf3 Qe7 25.Bxd5 Qxe3+ 26.Rdf2 Rd6 27.Bxa8
Rxa8 28.Kh1 h6 29.Rf3 Qe7 30.Qf4 Re6 31.Rd3 Re8 32.Nd5 Qb7 33.Qc7 Qxb2 34.
Nf4 Re1 35.Rxe1 Rxe1+ 36.Kh2 Kh7 37.Qc8 Qe5 38.Rf3 Nd5 39.Qxc5 Nxf4 
1/2-1/2

[Event "XI Festival A"]
[Site "Porto San Giorgio ITA"]
[Date "1999.08.27"]
[Round "8"]
[White "Cioara, Andrei Nestor"]
[Black "Razuvaev, Yuri S."]
[Result "1/2-1/2"]
[WhiteElo "2423"]
[BlackElo "2559"]
[PlyCount "45"]
[EventDate "1999.08.20"]

1.e4 c5 2.Nf3 e6 3.d4 cxd4 4.Nxd4 a6 5.Bd3 Bc5 6.Nb3 Be7 7.Nc3 d6 8.O-O 
Nf6 9.f4 Qc7 10.Kh1 Nbd7 11.Qf3 b6 12.Bd2 Bb7 13.Nd4 g6 14.Qh3 Nc5 15.Rae1
h5 16.f5 gxf5 17.exf5 e5 18.Bg5 O-O-O 19.Qh4 Rdg8 20.Nf3 Qd8 21.b4 Nxd3 
22.cxd3 Nd5 23.Qc4+ 1/2-1/2

[Event "XI Festival A"]
[Site "Porto San Giorgio ITA"]
[Date "1999.08.27"]
[Round "8"]
[White "Davies, Nigel R."]
[Black "Bykhovsky, Anatoly A."]
[Result "1-0"]
[WhiteElo "2518"]
[BlackElo "2398"]
[PlyCount "47"]
[EventDate "1999.08.20"]

1.c4 e6 2.Nf3 d5 3.d4 Nf6 4.g3 Be7 5.Bg2 O-O 6.Qc2 dxc4 7.Nbd2 Bd7 8.O-O 
Bc6 9.e4 b5 10.Re1 Bb7 11.b3 Nc6 12.bxc4 Nxd4 13.Nxd4 Qxd4 14.Rb1 c6 15.e5
Ng4 16.Nf3 Qd7 17.Qe4 h5 18.h3 Nh6 19.Bxh6 gxh6 20.Rbd1 Qc7 21.Nd4 bxc4 
22.Nxe6 Qc8 23.Nxf8 Qxf8 24.Qxc4 1-0

[Event "XI Festival A"]
[Site "Porto San Giorgio ITA"]
[Date "1999.08.27"]
[Round "8"]
[White "Efimov, Igor"]
[Black "Sebastianelli, Dario"]
[Result "1-0"]
[WhiteElo "2445"]
[BlackElo "2174"]
[PlyCount "81"]
[EventDate "1999.08.20"]

1.Nf3 Nf6 2.c4 e6 3.Nc3 d5 4.d4 b6 5.Bf4 Bd6 6.Bg3 Bb7 7.e3 O-O 8.Qc2 a6 
9.cxd5 exd5 10.Bd3 Re8 11.Ne5 Nc6 12.Nxc6 Bxc6 13.Bh4 h6 14.O-O-O Be7 15.
f3 Bb7 16.g4 c5 17.Bf5 cxd4 18.exd4 b5 19.Rhe1 Nd7 20.Bxe7 Rxe7 21.Qd2 Nb6
22.Rxe7 Qxe7 23.Re1 Qc7 24.Kb1 Nc4 25.Qe2 g6 26.Bd3 Na3+ 27.Ka1 Rc8 28.Qe7
Nc4 29.a3 Bc6 30.Qf6 Qd6 31.Qxd6 Nxd6 32.b3 Re8 33.Re5 Kf8 34.Kb2 Rxe5 35.
dxe5 Nc8 36.Ne2 Nb6 37.Nd4 Bd7 38.Kc3 Ke7 39.Kb4 h5 40.gxh5 gxh5 41.Ka5 
1-0

[Event "XI Festival A"]
[Site "Porto San Giorgio ITA"]
[Date "1999.08.27"]
[Round "8"]
[White "Facchetti, Gianni"]
[Black "Sabia, Corrado"]
[Result "1-0"]
[WhiteElo "2130"]
[BlackElo "2198"]
[PlyCount "125"]
[EventDate "1999.08.20"]

1.e4 c5 2.Nf3 e6 3.d3 d5 4.Nbd2 Nc6 5.Be2 d4 6.a4 e5 7.Nc4 Bd6 8.Nxd6+ 
Qxd6 9.Nd2 Nf6 10.Nc4 Qc7 11.O-O O-O 12.f4 Nd7 13.f5 f6 14.a5 b5 15.axb6 
Nxb6 16.Nxb6 Qxb6 17.b3 a5 18.Bd2 Nb4 19.g4 Bd7 20.g5 a4 21.gxf6 Qxf6 22.
Qc1 Qf7 23.bxa4 Rxa4 24.Rxa4 Bxa4 25.c4 Qb7 26.Qe1 Be8 27.Qg3 Nc6 28.f6 g6
29.h4 Qb2 30.Qg5 Nd8 31.Bg4 Qc2 32.Rf3 Qd1+ 33.Kg2 Qe2+ 34.Kg1 Qd1+ 35.Kf2
Kh8 36.f7 Nxf7 37.Qf6+ Kg8 38.Bh6 Qxf3+ 39.Bxf3 Nxh6 40.Qe6+ Bf7 41.Qd6 
Be8 42.Kg3 Nf7 43.Qxc5 Ba4 44.Qa3 Ra8 45.Bg4 Bc6 46.Qc5 Be8 47.Be6 Rd8 48.
Qxe5 Kf8 49.Qc7 Ra8 50.Qc5+ Kg7 51.Qxd4+ Kh6 52.c5 Rd8 53.Qe3+ Kg7 54.Bxf7
Bxf7 55.d4 Re8 56.d5 Kf6 57.Qd4+ Ke7 58.c6 Rd8 59.Qc5+ Ke8 60.d6 Be6 61.e5
Rc8 62.Qa7 Kf8 63.Qe7+ 1-0